000 00681nam a2200241Ia 4500
003 OSt
005 20220926021008.0
006 a|||||r|||| 00| 0
007 ta
008 220923b |||||||| |||| 00| 0 eng d
037 _cGeneral Book
040 _aRTL
_cRTL
_beng
041 _2eng
_aeng
082 _aX:77, K2/TD
100 _aRobinson Joan
245 0 _aEssays in the theory of economic growth
260 _aNew York
_bSt. Mardtin Press
_c1962
300 _ax, 137p
_ccm.
500 _aAppendix at the end of each chapter.
650 _aEconomics Development
942 _hX:77, K2/TD
_cGB
_2CC
999 _c635420
_d635420